Cliquez sur les pays d'Amérique dans l'ordre alphabétique - Carte Quiz - Statistiques

Statistiques générales
  • Ce quiz a été pris 89 fois
  • Le résultat moyen est 17 sur 35
Réponses sur la Carte
Les réponses sont colorées sur une échelle allant du rouge au vert en fonction du pourcentage des utilisateurs qui les ont devinées à leur premier essai. Vous pouvez retrouver ces pourcentages ci-dessous.
 
Statistiques - réponses
Réponse % Correct
2 : A...
91%
7 : B...
73%
26 : P...
67%
8 : C...
67%
15 : E...
64%
22 : M...
64%
27 : R...
64%
35 : V...
61%
10 : C...
58%
20 : H...
58%
21 : J...
58%
23 : N...
58%
34 : U...
58%
12 : C...
55%
17 : G...
55%
18 : G...
55%
6 : B...
55%
9 : C...
55%
14 : E...
52%
24 : P...
52%
25 : P...
52%
11 : C...
48%
33 : T...
48%
3 : B...
48%
1 : A...
45%
32 : S...
45%
5 : B...
45%
19 : H...
42%
4 : B...
36%
31 : S...
33%
13 : D...
30%
16 : G...
15%
28 : S...
15%
30 : S...
15%
29 : S...
12%
Aucun quiz correspondant
Distribution des résultats
% des personnes avec chaque résultat
Percentile par nombre de réponses
Votre historique - résultats
Vous n’avez pas pris ce quiz